| 000 -LEADER |
| fixed length control field |
00354cam a22001097a 4500 |
| 008 - FIXED-LENGTH DATA ELEMENTS--GENERAL INFORMATION |
| fixed length control field |
180718b1974 xxu||||| |||| 00| 0 eng d |
| 082 ## - DEWEY DECIMAL CLASSIFICATION NUMBER |
| Classification number |
L1x5432 H2 |
| 245 ## - TITLE STATEMENT |
| Title |
Memorandum explantory on the budget for 1974-75 |
| Statement of responsibility, etc. |
by Finance Department, Haryana |
| 260 ## - PUBLICATION, DISTRIBUTION, ETC. |
| Place of publication, distribution, etc. |
Chandigarh |
| Name of publisher, distributor, etc. |
Government of Haryana |
| Date of publication, distribution, etc. |
1974 |
| 300 ## - PHYSICAL DESCRIPTION |
| Extent |
v.p. |
| 700 ## - ADDED ENTRY--PERSONAL NAME |
| Personal name |
Haryana. Finance Department |